Préfectures de France : Rennes - Statistiques

Statistiques générales
  • Ce quiz a été pris 117 fois
  • Le résultat moyen est 12 sur 24
Statistiques - réponses
Question Réponse % Correct
Quel numéro porte celui-ci ? 35
99%
De quel département est-ce la préfecture ? Ille-et-Vilaine
98%
La ville appartient à l'académie de/d' Rennes
96%
La ville appartient au diocèse de/d' Rennes
96%
Comment se nomment ses habitants ? Rennais
95%
A quelle région administrative appartient la ville depuis 2015 ? Bretagne
94%
Quelles sont les sous-préfectures qui en dépendent ? Saint-Malo
82%
Quelles sont les sous-préfectures qui en dépendent ? Fougères
81%
Les communes limitrophes dont le nom commence par C sont Cesson-Sévigné
68%
Quelles sont les sous-préfectures qui en dépendent ? Redon
68%
L'aéroport de Rennes porte le nom de St Jacques
56%
Le blason porte cinq mouchetures d'/de Hermine
44%
Les communes limitrophes dont le nom commence par C sont Chantepie
41%
Les Romains appellent la ville Condate
38%
Un des vestiges des remparts de Rennes est la porte... Mordelaise
30%
La cathédrale est dédiée à St Pierre
27%
Citez un des quartiers créés au XXIe siècle Beauregard | La Courrouze
19%
La ville a brulé pendant 6 jours en 1720
12%
La couleur principale du fond du blason est l'/le/la Argent
8%
Le peuple gaulois qui l'occupe est celui des Riedones
7%
Comment se nomme la couleur noire sur un blason ? Sable
7%
Le train est arrivé à Rennes en 1857
5%
Les communes limitrophes dont le nom commence par C sont Châtillon-sur-Seiche
2%
Le 1er évêque est (prénom) Modéran
1%
Aucun quiz correspondant
Distribution des résultats
% des personnes avec chaque résultat
Percentile par nombre de réponses
Votre historique - résultats
Vous n’avez pas pris ce quiz